00931cam a22002535a 4500006001900000008004100019020001500060020001800075040003800093082002100131100004100152245006100193250001200254260004500266300005900311504005100370650003900421650004400460651001000504653002000514942002500534999001700559952010100576a||||fr|||| 00| 0 100921t2002 ii a frb 001 0 eng d a817808757X a9788178087573 aEG-ScBUEbengcEG-ScBUEdEG-ScBUE04a001.424bTAH2221 aTaha, Hamdy A. 91966510aOperations research :ban introduction /cHamdy A. Taha. a7th ed. aNew Delhi :bPearson Education,cc.2002. axvii, 830 p. :bill. ;c24 cm. +e1 CD-ROM (4 3/4 in.) aIncludes bibliographical references and index. 7aOperations research.9399652BUEsh 7aProgramming (Mathematics)9196672BUEsh 2BUEsh bCOMSCIcMay2018 cBBk001.424 TAH2ddc c26669d26641 00102ddc4070aMAINbMAINcLOWd2018-05-08l0o001.424 TAHp000004153r2025-07-15 00:00:00yBB